000 01232nam a22002057a 4500
999 _c59449
_d59449
003 Ge_BSU
005 20230217173442.0
008 230217s2002 ge ||||| |||| 00| 0 geo d
020 _a999289640X
041 _ageo
080 _a343.1(479.22)(094.4) ტ-13
100 _aტაბუცაძე, იური
_916966
245 _aსაქართველოს სისხლის სამართლის საპროცესო კოდექსის ცალკეულ დებულებათა კომენტარი /
_cიური ტაბუცაძე, იური ტყეშელაშვილი ; რედაქტორი პაატა ცნობილაძე.
264 _aთბილისი,
_c 2002.
300 _a222 გვ. ;
_b20 სმ.
653 _aსაქართველოს სისხლის სამართლის საპროცესო კოდექსი.
700 _aტყეშელაშვილი, იური
_eავტორი
_916967
700 _aცნობილაძე, პაატა
_e რედაქტორი, წინასიტყვაობის ავტორი.
_98149
942 _2udc
_cBK